<?xml version="1.0" encoding="UTF-8"?>
<marc:record xmlns:marc="http://www.loc.gov/MARC21/slim">
   <marc:leader>00000nam a2200000 a 4500</marc:leader>
   <marc:datafield ind1="1" ind2=" " tag="100">
      <marc:subfield code="a">Pahlow, Heike</marc:subfield>
      <marc:subfield code="4">aut</marc:subfield>
      <marc:subfield code="e">Verfasser/-in</marc:subfield>
   </marc:datafield>
   <marc:datafield ind1=" " ind2=" " tag="653">
      <marc:subfield code="a">Lernen/Deutsch als Zweitsprache</marc:subfield>
   </marc:datafield>
   <marc:datafield ind1=" " ind2=" " tag="653">
      <marc:subfield code="a">Fremdsprache</marc:subfield>
   </marc:datafield>
   <marc:datafield ind1="0" ind2="0" tag="245">
      <marc:subfield code="a">Deutsche Grammatik - einfach, kompakt und übersichtlich</marc:subfield>
   </marc:datafield>
   <marc:datafield ind1="0" ind2="0" tag="245">
      <marc:subfield code="c">Heike Pahlow</marc:subfield>
   </marc:datafield>
   <marc:datafield ind1=" " ind2="1" tag="264">
      <marc:subfield code="a">Leipzig</marc:subfield>
      <marc:subfield code="b">Engelsdorfer Verl.</marc:subfield>
      <marc:subfield code="c">2010</marc:subfield>
   </marc:datafield>
   <marc:datafield ind1="1" ind2=" " tag="490">
      <marc:subfield code="a">Lingolia - Sprachen lernen</marc:subfield>
   </marc:datafield>
   <marc:datafield ind1="1" ind2=" " tag="520">
      <marc:subfield code="a">Angaben aus der Verlagsmeldung

Deutsche Grammatik - einfach, kompakt und übersichtlich / von Heike Pahlow

Dieses Nachschlagewerk erklärt die deutsche Grammatik auf verständliche Weise und richtet sich insbesondere an Schüler bis zur 10. Klasse sowie an Lernende von Deutsch als Fremdsprache. Die Grammatikregeln sind übersichtlich dargestellt und mit illustrierten Beispielen versehen. Verschiedene Übersichten und ein Glossar bringen das Wichtigste auf den Punkt. Mit Hinweisen auf Umgangssprache und Schriftsprache wird verdeutlicht, warum bestimmte Formulierungen aus dem alltäglichen Sprachgebrauch in geschriebenen Texten nicht verwendet werden sollten. Zum Festigen des Erlernten stehen im Internet Übungen zum kostenlosen Download bereit. Über die Autorin: Heike Pahlow ist Diplomübersetzerin für Englisch und Spanisch. Sie unterrichtete Deutsch in Irland und betreibt das Sprachenportal lingo4u, das Schüler auf der ganzen Welt beim Erlernen von Fremdsprachen unterstützt.
</marc:subfield>
   </marc:datafield>
   <marc:datafield ind1=" " ind2=" " tag="020">
      <marc:subfield code="a">9783862680122</marc:subfield>
      <marc:subfield code="9">9783862680122</marc:subfield>
   </marc:datafield>
   <marc:datafield ind1=" " ind2=" " tag="041">
      <marc:subfield code="a">ger</marc:subfield>
   </marc:datafield>
   <marc:datafield ind1=" " ind2=" " tag="300">
      <marc:subfield code="a">135 S.</marc:subfield>
   </marc:datafield>
</marc:record>
